000 00297nam a2200121Ia 4500
005 20251222144714.0
008 251222s9999||||xx |||||||||||||| ||spa||
082 _a658.51/B74
100 _aBorrero Briceño, Julio César
245 0 _aMarketing Estratágico
264 _bSan Marcos
942 _cLIB
999 _c17964
_d17964